Beliebteste Mädchennamen von 1890 bis 1894 in Deutschland - Statistiken

Allgemein
  • Dieses Quiz wurde 36 mal gespielt
  • Das Durchschnittsergebnis liegt bei 43 aus 125
Antwortstatistiken
Rang 1890 % Korrekt
1 | 2 Anna
85%
5 | 6 | 7 | +2 others Maria
71%
7 | 10 | 13 | 14 Elisabeth
62%
4 | 5 | 6 Marie
53%
4 | 5 | 6 | 9 Emma
47%
7 | 8 | 11 | 13 Gertrud
47%
18 | 21 | 22 | 23 Paula
47%
2 | 3 Martha
44%
1 | 2 | 3 Frieda
38%
4 | 7 | 9 | 11 Bertha
35%
10 | 18 | 20 Clara
35%
8 | 9 | 10 | +2 others Elsa
32%
16 | 19 | 21 | 25 Else
32%
14 | 17 | 18 Ida
32%
12 | 14 | 15 | 19 Johanna
32%
23 Katharina
32%
4 | 5 | 6 | +2 others Erna
29%
12 | 16 | 17 Helene
29%
22 | 23 Olga
29%
8 Margarete
26%
8 | 9 | 11 Margarethe
26%
15 | 18 | 22 | 24 Ella
21%
12 | 13 | 20 | 22 Hedwig
21%
11 | 13 | 19 | +2 others Luise
21%
8 Margarethe
21%
21 Dorothea
18%
16 | 17 | 23 | 25 Auguste
12%
24 Carolin
12%
18 | 21 | 23 Dora
12%
14 | 15 | 16 Minna
12%
17 | 20 | 24 Alma
9%
19 | 20 | 25 Wilhelmine
9%
24 Agnes
6%
22 Margaretha
3%
25 Emelie
0%
25 Meta
0%
Keine übereinstimmenden Quizze gefunden
Verteilung der Resultate
Anzahl Personen mit jedem Resultat
Perzentil nach korrekt beantworteten Fragen
Ihre Resultats-Entwicklung
Sie haben dieses Quiz noch nicht gespielt